| Поле | Инд. | ПП | Название | Значение |
|---|---|---|---|---|
| Тип записи | a | |||
| Библиографический уровень | m | |||
| 001 | Контрольный номер | 7cf61bec03434623bb70d0eb4bcefa01 | ||
| 005 | Дата корректировки | 20180517125029.1 | ||
| 040 | a | Служба первич. каталог. | НБ ТвГУ | |
| b | Код языка каталог. | rus | ||
| e | Правила каталог. | PSBO | ||
| 041 | 0_ | a | Код языка текста | rus |
| 080 | a | Индекс УДК | 016:821.09(470.331) | |
| 084 | a | Индекс другой классификации/Индекс ББК | Я19:Ш33(2Рос-4Тве)6д | |
| 090 | a | Полочн. индекс | Я19:Ш33(2Рос-4Тве) | |
| x | Авторский знак | Н 62 | ||
| 097 | b | Оператор | mimoza3 | |
| 245 | 10 | a | Заглавие | Никишов Юрий Михайлович |
| b | Продолж. заглавия | биобиблиографический указатель | ||
| c | Ответственность | Твер. гос ун-т, Науч. б-ка, Чит. зал гуманит. лит. ; сост. Т. А. Агеева ; вступ. ст. О. С. Карандашова | ||
| 260 | c | Дата издания | 2017 | |
| a | Место издания | Тверь | ||
| b | Издательство | б. и. | ||
| 300 | a | Объем | 66 с. | |
| 653 | 0_ | a | Ключевые слова | Литературоведение |
| a | Ключевые слова | Литературная критика | ||
| a | Ключевые слова | Литературоведы | ||
| a | Ключевые слова | Библиографические указатели | ||
| a | Ключевые слова | Биобиблиографические указатели | ||
| a | Ключевые слова | Указатели | ||
| a | Ключевые слова | Тверской государственный университет | ||
| a | Ключевые слова | Ученые Тверского государственного университета | ||
| a | Ключевые слова | Труды Тверского государственного университета | ||
| a | Ключевые слова | Филология | ||
| a | Ключевые слова | Филологи | ||
| a | Ключевые слова | Преподаватели Тверского государственного университета | ||
| 700 | 12 | a | Другие авторы | Агеева Татьяна Александровна |
| e | Роль лиц | Составитель | ||
| 700 | 12 | a | Другие авторы | Карандашова Ольга Святославовна |
| e | Роль лиц | Автор предисловия и т.д. | ||
| 901 | t | Тип документа | m | |
| 920 | a | Оператор | Поля | |
| a | Оператор | Рунт | ||
| a | Оператор | Стро | ||
| 930 | a | Новая/Ретро | новая | |
| 952 | c | Вид литературы | К рн | |
| 954 | b | Дата поступления в ОК | 20171109 | |
| a | Дата поступления на обработку | 20171116 | ||
| c | Дата окончания ОНО | 20180517 |